000
00205 a2200097 4500
001
29327
100
_a
Bierman
245
_a
Managerial cost accounting
260
_a
_b
Macmillan
_c
090
_c
19546
_d
19546
942
_a
NUST-CAE
_c
M
_c
10609
999
_c
264400
_d
264400